000 01208cam a22003011 4500
001 27053
003 BD-RjUL
005 20211209051115.0
008 140324s1950 enkabch b 000 0 eng
035 _a(BD-RjUL)27124
035 _a(OCoLC)935448
040 _aDLC
_cPBm
_dOCoLC
_dNN
_dUk
_dDLC
_dBD-RjUL
_beng
041 _aeng
082 _a972.99
_bWIB 1950
100 1 _aWilkinson, Henry Campbell.
_d1893-
_983092
245 1 0 _aBermuda in the old Empire :
_ba history of the island from the dissolution of the Somers Island Company until the end of the American Revolutionary War: 1684-1784 /
_cHenry Campbell Wilkinson.
260 _aLondon :
_aNew York ;
_bOxford University Press,
_c1950.
300 _axi, 457 p. :
_billus., ports., fold. map, facsims. ;
_c23 cm.
500 _a"A continuation of ... Adventurers of Bermuda."--Pref.
504 _aBibliography: p. 442-447.
650 0 _aSlavery
_zBermuda Islands.
_983093
651 0 _aBermuda Islands
_xHistory.
_983094
651 0 _aGreat Britain
_xColonies
_zAmerica
_xHistory
_y18th century.
_983095
651 0 _aGreat Britain
_xColonies
_zAmerica
_xHistory
_y17th century.
_983096
942 _2ddc
_cBK
999 _c27053
_d27053